000 00589nam a22001817a 4500
999 _c157958
_d157958
005 20181012144957.0
010 _aENG-124261
020 _c455.00
_a9789380658360
035 _a EN-107793
037 _bDBAD/PUB.
082 _a915.45
100 _aSarma, Siddhartha
245 _aEast of the sun:
_cby Siddhartha Sarma
_ba nearly- stoned walk down the road in a different land /
260 _aNew Delhi
_bTranquebar Press
_c2010
270 _a4322/3, Ansari Road, Daryaganj,
_bNew Delhi
_e110002
300 _a249p.
_c20cm(pbk)
_bill.
942 _2ddc
_cEN
_mSAR
_h915.45